00475 a2200205 4500020001800000082001500018100001700033100001400050245002200064250001200086260003800098300001700136500001600153650001800169650002600187650002200213650001300235651000900248653001200257 a0-582-87642-7 a950bR137h aRajendra, N. aLower, C. aA history of Asia a2nd ed. aMelbournebLongman Cheshirec1992 a330p. illus. aNepal: p.87 aAsian history aGeographical location aForeign relations aReligion aAsia aHistory